| 000 | 00832cam a22002897a 4500 | ||
|---|---|---|---|
| 003 | CHAP | ||
| 005 | 20220329135326.0 | ||
| 008 | 971013s1945 r 00010 d | ||
| 010 | _a34431 | ||
| 011 | _a35403 | ||
| 035 | _a39519 | ||
| 040 | _cCHAP | ||
| 090 | _aTesis | ||
| 100 | 0 | 0 |
_aMeneses Flores, Rafael. _974791 |
| 245 | 1 | 3 | _aLa fresa en Irapuato |
| 260 |
_aChapingo, Méx. : _bEl autor, _c1945 |
||
| 300 | _a87 p | ||
| 502 | _aTesis (Ing. Agr. Esp. en Fitotecnia) -- ENA. Departamento de Fitotecnia | ||
| 590 |
_aALEPH _b10 _c20130110 _lUCH01 _h1300 |
||
| 590 |
_aBATCH-UPD _b10 _c20130110 _lUCH01 _h2115 |
||
| 590 |
_aCONVERSION _b10 _c20130109 _lUCH01 _h1319 |
||
| 650 | 1 | 4 |
_aPresa. _991410 |
| 901 | _aBK | ||
| 942 | _cFOLL | ||
| 949 |
_bBC _cTES _d-90128 _eTS1 _i39519 _si |
||
| 949 |
_bBC _cTES _d-90130 _eTS2 _fc.2 _i39519 _si |
||
| 999 |
_c34431 _d34431 |
||